Statistics for Countries with the Lowest Tax

Click here to take the quiz!

General Stats

  • This quiz has been taken 39 times
  • The average score is 10 of 20

Answer Stats

%Country% Correct
8.50Oman
82%
3.40Saudi Arabia
82%
8.90United Arab Emirates
82%
5.70Qatar
79%
1.60Kuwait
77%
5.60Bahrain
69%
8.00Iran
64%
7.22India
49%
5.20Nigeria
46%
5.30Chad
44%
10.4Indonesia
41%
5.04Afghanistan
38%
6.69Sudan
38%
8.76Bangladesh
31%
6.50Myanmar
28%
9.00Central African Republic
26%
10.1Madagascar
26%
8.94Taiwan
26%
8.00Eritrea
23%
9.60Guinea-Bissau
21%

Score Distribution

Percentile by Number Answered

Percent of People with Each Score

Your Score History

You have not taken this quiz